00555nam a22001697a 4500003000900000008004100009040007100050082001800121100003100139245005500170260006000225300002800285650001400313650002900327650001600356650001300372AR-CdUCM190226b ||||| |||| 00| 0 spa d aMUNICIPALIDAD PROVINCIAL DEL CUSCOcBIBLIOTECA MUNICIPAL DEL CUSCO a372.41 /bV32 aVargas Fernandez, Mercedes aConceptos claves para la educación psicomotriz / aCusco : bGráfica Editorial Aguilar E.I.R.L., c2014. a100 páginas ;c20 cm. aConceptos a Educación psicomotriz aPedagogía aConsulta